| 000 | 01327cam a22002651i 4500 | ||
|---|---|---|---|
| 003 | OSt | ||
| 005 | 20260419121533.0 | ||
| 008 | 260415s2017 su g 000 0 ara c | ||
| 020 | _a9786038219201 | ||
| 040 |
_aSA-JeALM _bara _cSA-RiAUC _dKAC _erda |
||
| 082 | 0 | 4 |
_a252.5 _qSA-RiAUC |
| 090 |
_a252.5 _bع ب د ل |
||
| 100 | 1 |
_aعبدالله الملا، عبدالله بن ابو بكر الملا الإحسائي _d1243 -ى1309 هـ _eمؤلف. |
|
| 245 | 1 | 0 |
_aهذا مجلس في ذكر يوم عرفة وعيد النحر _bويليه دعاء آخر نهار يوم عرفة لوالده الشيخ ابو بكر الملا 1198 - 1270 هـ _cللشيخ عبدالله ابن الشيخ أبي بكر الملا الإحسائي، اعتنى بهما حمد ابن الشيخ أحمد الملا |
| 246 | _aذكر يوم عرفة وعيد النحر | ||
| 264 | 1 |
_aالرياض ؛ _aعمان. الاردن : _bدار عمار. _c1998 |
|
| 300 |
_a91 صفحة ؛ _c14 سم. |
||
| 336 |
_aنص _btxt _2rdacontent _3كتاب |
||
| 337 |
_aبدون وسيط _bn _2rdamedia |
||
| 650 | 7 |
_aالحج (فقه إسلامي) _2aucsh |
|
| 650 | _aالأدعية والأوراد | ||
| 700 |
_aحمد الملا، حمد بن الشيخ احمد. _eمحقق. |
||
| 942 |
_2ddc _cBOOK _n0 |
||
| 949 |
_aSA-JeALM _d260415 _uosman123 _n1 |
||
| 999 |
_c14809 _d14809 |
||